Statistics for The Ultimate Live Phish Song List

Click here to take the quiz!

General Stats

  • This quiz has been taken 288 times
    (98 since last reset)
  • The average score is 108 of 366

Answer Stats

# Times PlayedOriginal ArtistPhish AlbumDebutLast PlayedAnswers% Correct
581PhishThe White Tape, Junta1986-02-032017-12-31You Enjoy Myself
85%
358PhishA Picture of Nectar1990-03-282017-12-30Tweezer
84%
173PhishBilly Breathes1995-05-162017-12-31Free
80%
496Phishnone1985-03-162017-12-30Mike's Song
76%
160PhishThe Story of the Ghost1997-06-132017-12-29Ghost
75%
269PhishThe Man Who Stepped Into Yesterday1986-10-122017-12-28Wilson
75%
442PhishJunta1986-10-312017-07-30David Bowie
73%
205PhishLawn Boy1989-11-302017-07-25Lawn Boy
73%
378PhishLawn Boy1989-10-012017-12-31Reba
71%
202PhishBilly Breathes1996-06-062017-12-31Character Zero
69%
277PhishJunta1987-08-092017-07-28Fee
69%
270PhishA Picture of Nectar1991-02-012017-12-30Tweezer Reprise
69%
465Phishnone1988-07-232017-12-30Weekapaug Groove
69%
445PhishA Picture of Nectar1990-03-282017-12-29Cavern
67%
49PhishFuego2013-10-312017-12-31Fuego
67%
370Phishnone1985-10-302017-12-28Harry Hood
67%
412PhishThe White Tape, Junta1987-08-092017-07-28Divided Sky
65%
41PhishJoy2009-06-072017-08-05Joy
65%
305PhishRift1992-03-062017-12-31Maze
65%
518Phish (Holdsworth)The Man Who Stepped Into Yesterday1985-09-272017-12-31Possum
65%
412PhishA Picture of Nectar1990-09-132017-07-25Stash
65%
191PhishHoist1994-04-042017-12-28Wolfman's Brother
65%
266PhishHoist1993-12-312017-12-30Down with Disease
64%
68PhishFarmhouse1997-11-162017-12-30Farmhouse
64%
282PhishRift1990-02-252017-08-06Rift
64%
257PhishLawn Boy1989-05-262017-12-30Bathtub Gin
62%
455PhishA Picture of Nectar1991-02-012017-12-29Chalk Dust Torture
62%
90Trey Anastasio Band (8-Foot Fluorescent Tubes)Farmhouse1999-09-092017-12-31First Tube
62%
302PhishA Picture of Nectar1990-10-272017-07-29Llama
62%
444PhishThe White Tape, Lawn Boy1985-04-062017-12-30Run Like an Antelope
62%
312PhishLawn Boy1989-02-172017-12-29Split Open and Melt
62%
144Phishnone1990-09-132017-12-28Tube
62%
462PhishLawn Boy1990-01-202017-12-18Bouncing Around the Room
60%
252PhishJunta1984-12-012017-12-31Fluffhead
60%
166Phishnone1994-05-272017-12-29Simple
60%
310PhishThe White Tape, The Man Who Stepped Into Yesterday1986-04-012017-12-28AC/DC Bag
58%
103PhishJoy2009-03-062017-12-29Backwards Down the Number Line
58%
60PhishBilly Breathes1995-09-272017-07-21Billy Breathes
58%
311PhishThe Man Who Stepped Into Yesterday1988-01-272017-09-02The Lizards
58%
85PhishJoy2009-06-022017-12-30Kill Devil Falls
56%
287PhishHoist1993-02-042017-07-25Sample in a Jar
56%
237PhishThe White Tape1984-12-012017-12-28Slave to the Traffic Light
56%
218Richard Strauss, as interpreted by DeodatoN/A1993-07-162017-12-28Also Sprach Zarathustra
55%
126PhishJunta1988-09-122017-07-30Esther
55%
76Trey Anastasio BandFarmhouse1999-09-102017-12-31Gotta Jibboo
55%
76PhishBilly Breathes1996-06-062017-09-03Waste
55%
146PhishBilly Breathes1995-06-082017-12-31Prince Caspian
53%
150PhishThe Story of the Ghost1998-06-302017-12-31The Moma Dance
53%
351PhishLawn Boy1990-01-202017-07-22The Squirming Coil
53%
112PhishFarmhouse1999-06-302017-12-28Back on the Train
51%
111PhishThe Story of the Ghost1998-04-022017-09-03Birds of a Feather
51%
165PhishJunta1988-06-152017-07-19Contact
51%
343PhishJunta1988-10-292017-07-22Foam
51%
458PhishJunta1986-10-122017-12-31Golgi Apparatus
51%
92Trey Anastasio Band (8-Foot Fluorescent Tubes)Farmhouse1999-09-112017-12-29Sand
51%
131PhishHoist1994-04-042017-08-05Scent of a Mule
51%
127PhishFarmhouse1997-06-142017-12-28Twist
51%
101Phishnone1992-11-192017-07-23Axilla
49%
80PhishBilly Breathes1995-09-272017-07-26Cars Trucks Buses
49%
88Talking HeadsN/A1984-12-012017-07-22Cities
49%
332Phishnone1985-04-062017-12-30I Am Hydrogen
49%
131The Rolling StonesN/A1993-02-032017-12-31Loving Cup
49%
32PhishThe Story of the Ghost1998-07-022017-08-02Meat
49%
82The Velvet UndergroundN/A1998-10-312017-07-28Rock and Roll
49%
376Phishnone1990-03-282017-07-30Runaway Jim
49%
90PhishRound Room2003-01-022017-12-3146 Days
47%
94Phishnone1997-02-172017-12-31Carini
47%
125PhishThe Man Who Stepped Into Yesterday1988-03-122017-07-30Colonel Forbin's Ascent
47%
42Talking HeadsN/A1996-10-312017-07-25Crosseyed and Painless
47%
147PhishJunta1987-11-192017-08-04Dinner and a Movie
47%
125PhishThe Story of the Ghost1994-10-072017-08-02Guyute
47%
64Phishnone1987-08-092017-07-30Harpua
47%
236PhishRift1991-09-252017-07-23It's Ice
47%
161PhishFarmhouse1997-06-142017-09-03Piper
47%
151Phishnone1989-08-172017-08-04Punch You In the Eye
47%
129PhishBilly Breathes1995-06-072017-08-02Taste
47%
52PhishBilly Breathes1996-07-212017-07-29Train Song
47%
36Trey AnastasioUndermind2009-03-082017-07-28Undermind
47%
92PhishThe Story of the Ghost1997-06-132017-12-31Wading in the Velvet Sea
47%
215Cyril FergusonN/A1987-02-212017-07-29Ya Mar
47%
26PhishJunta1986-04-012013-12-31Icculus
45%
54PhishHoist1994-04-042014-07-29If I Could
45%
217PhishHoist1994-04-042017-12-29Julius
45%
87PhishThe Story of the Ghost1998-06-302017-12-28Roggae
45%
6PhishRound Room2003-01-022016-06-22Round Room
45%
176PhishRift1992-03-072017-09-01Silent in the Morning
45%
99PhishA Picture of Nectar1989-03-302017-07-21The Mango Song
45%
70AmfibianFarmhouse1999-06-302017-08-06Bug
44%
125PhishThe Man Who Stepped Into Yesterday1988-02-072017-07-30Fly Famous Mockingbird
44%
204Son SealsN/A1986-12-062017-07-22Funky Bitch
44%
201PhishA Picture of Nectar1991-02-012017-08-01Guelah Papyrus
44%
302PhishA Picture of Nectar1988-08-042017-12-31Poor Heart
44%
16PhishFarmhouse1998-10-172011-08-17Sleep
44%
318PhishRift1991-09-252017-07-21Sparkle
44%
162PhishRift1992-03-072017-09-01The Horse
44%
153PhishBilly Breathes1995-05-162017-12-28Theme From the Bottom
44%
221Led ZeppelinN/A1986-12-062017-07-21Good Times Bad Times
42%
29PhishRift1992-11-192016-10-15Lengthwise
42%
87PhishJoy2009-05-312017-12-30Light
42%
140PhishThe Story of the Ghost1997-06-132017-09-02Limb By Limb
42%
134Phishnone1992-03-062017-08-02NICU
42%
79PhishJoy2009-05-312017-12-29Ocelot
42%
46WeenN/A1997-12-112017-07-26Roses Are Free
42%
79PhishThe Man Who Stepped Into Yesterday1987-05-112015-08-21The Man Who Stepped Into Yesterday
42%
52PhishRound Room2002-12-312017-12-29Walls of the Cave
42%
41PhishRift1992-03-072017-07-28Weigh
42%
81Jimi HendrixN/A1988-07-072017-08-04Bold As Love
40%
135Jimi HendrixN/A1984-12-012017-08-05Fire
40%
88AmfibianFarmhouse1999-09-112017-12-29Heavy Things
40%
111PhishRift1992-03-062017-07-22Mound
40%
242PhishLawn Boy1989-09-092017-07-22My Sweet One
40%
422Phishnone1987-02-132017-12-31Suzy Greenberg
40%
209PhishA Picture of Nectar1990-09-132016-07-10The Landlady
40%
98PhishRift1993-02-032017-12-28The Wedge
40%
65Los LobosN/A1997-02-132017-08-01When the Circus Comes
40%
80Stevie WonderN/A1987-02-212017-07-23Boogie On Reggae Woman
38%
56Phish (Holdsworth)none1984-11-032017-08-06Camel Walk
38%
44The WhoN/A1995-10-312017-07-30Drowned
38%
89The Edgar Winter GroupN/A1989-11-112017-08-04Frankenstein
38%
305ArgentN/A1987-08-212016-07-16Hold Your Head Up
38%
166PhishRift1990-05-242017-07-29Horn
38%
59Phishnone1997-06-252017-09-03Meatstick
38%
147PhishRift1992-03-062017-12-31My Friend, My Friend
38%
85PhishThe Man Who Stepped Into Yesterday1988-03-122017-07-29Tela
38%
32PhishUndermind2004-06-172017-12-31A Song I Heard the Ocean Sing
36%
65New York! (Anastasio, Marshall, Herman)Farmhouse1997-06-142017-07-29Dirt
36%
114PhishA Picture of Nectar1991-09-272017-07-23Glide
36%
101Phishnone1990-09-282017-07-26Gumbo
36%
85Frank ZappaN/A1986-10-152017-07-22Peaches en Regalia
36%
30PhishBilly Breathes1996-10-162017-08-01Swept Away
36%
119Phishnone1988-02-242012-08-28The Curtain
36%
34The Beatles (w/ Eric Clapton)N/A1994-10-312013-10-23While My Guitar Gently Weeps
36%
69The BeatlesN/A1995-06-102017-08-02A Day in the Life
35%
79(Hebrew prayer)N/A1987-05-112015-08-21Avenu Malkenu
35%
41Pink FloydN/A1987-11-192015-09-04Bike
35%
75PhishRift1992-11-192017-01-14Fast Enough for You
35%
13PhishThe White Tape1987-04-292017-08-05Fuck Your Face
35%
44TV on the RadioN/A2009-11-272017-08-01Golden Age
35%
21PhishUndermind1998-12-302016-07-06Grind
35%
113Phishnone1985-04-062017-08-01McGrupp and the Watchful Hosemasters
35%
19PhishRound Room2003-01-032017-07-26Pebbles and Marbles
35%
22PhishUndermind2003-07-072017-08-04Scents and Subtle Sounds
35%
72Lee Dorsey (music/lyrics by Allen Toussaint)N/A1985-03-082017-08-02Sneakin' Sally Through the Alley
35%
27Phishnone2011-06-042017-12-30Steam
35%
33PhishFuego2013-10-312017-07-29The Line
35%
216PhishLawn Boy1989-08-122017-07-28The Oh Kee Pa Ceremony
35%
86Josh White and Sam GaryN/A1987-04-292016-07-10Timber (Jerry)
35%
30PhishFuego2013-10-312017-08-02Wingsuit
35%
78Norman BlakeN/A1993-08-112017-08-02Ginseng Sullivan
33%
124Richard Wright (Nancy Taube)N/A1986-05-172017-07-22Halley's Comet
33%
80ZZ TopN/A1987-08-102014-10-22Jesus Just Left Chicago
33%
53PhishHoist1993-02-032016-10-25Lifeboy
33%
22Phish/DisneyChilling Thrilling Sounds of the Haunted House2014-10-312017-12-29Martian Monster
33%
25PhishParty Time2009-08-152017-08-04Party Time
33%
201Osborne BrothersN/A1987-09-212017-08-05Rocky Top
33%
5Beastie BoysN/A1998-08-082012-07-07Sabotage
33%
30PhishBilly Breathes1996-10-162017-08-01Steep
33%
35Phishnone1987-08-092017-07-30The Curtain With
33%
39Phishnone1997-06-132017-07-29Vultures
33%
84The James GangN/A1988-07-232017-08-01Walk Away
33%
42PhishFuego2013-10-312017-12-29555
31%
106PhishThe White Tape1985-03-162017-07-29Alumni Blues
31%
43PhishThe Story of the Ghost1998-06-302017-07-30Brian and Robert
31%
28Lynyrd SkynyrdN/A1987-03-062009-11-29Free Bird
31%
70PhishA Picture of Nectar1990-09-132003-07-22Magilla
31%
13PhishRound Room2003-01-022016-01-17Mexican Cousin
31%
43PhishRound Room2002-12-312017-07-21Seven Below
31%
87Phishnone1992-03-062017-12-30Sleeping Monkey
31%
40PhishRound Room2002-12-312017-07-23Waves
31%
36PhishThe Siket Disc1999-07-042017-12-31What's the Use?
31%
37Trey AnastasioParty Time2009-06-092017-08-05Alaska
29%
38PhishHoist1994-04-161995-12-31Axilla (Part II)
29%
151Phishnone1990-09-132017-08-02Buried Alive
29%
16PhishHoist1994-04-092016-07-20Demand
29%
52PhishHoist1994-04-142016-10-24Dog Faced Boy
29%
35Phishnone1989-10-312016-12-29Kung
29%
68Hot RizeN/A1993-02-232017-07-30Nellie Kane
29%
69PhishJoy2009-06-022017-07-29Stealing Time From the Faulty Plan
29%
62Phishnone1995-05-162016-07-08Strange Design
29%
77PhishThe Story of the Ghost1997-06-132017-07-29Water in the Sky
29%
13PhishFuego2013-10-312017-07-18Wombat
29%
20PhishUndermind2003-07-122017-08-01Army of One
27%
124Phishnone1987-08-212016-08-04Big Black Furry Creature from Mars
27%
28PhishBig Boat2015-07-212017-12-29Blaze On
27%
77AC/DCN/A1989-10-012009-08-16Highway to Hell
27%
11Jimi HendrixN/A1997-06-132017-08-06Izabella
27%
9PhishBig Boat2016-10-142017-12-30More
27%
26PhishBig Boat2015-07-212017-12-28No Men In No Man's Land
27%
37Bob DylanN/A1985-04-062017-08-05Quinn the Eskimo
27%
40PhishJunta1986-10-152017-08-06Sanity
27%
22The Rolling StonesN/A2009-10-312017-07-22Shine a Light
27%
27PhishJoy2009-06-072017-09-03Sugar Shack
27%
118Duke EllingtonN/A1987-04-291994-04-13Take the 'A' Train
27%
21Francis Scott KeyN/A1996-10-172016-12-28The Star Spangled Banner
27%
17PhishJoy2009-05-312010-10-24Time Turns Elastic
27%
22traditional/Robert BurnsN/A1989-12-302017-12-31Auld Lang Syne
25%
37Phishnone1997-06-132017-08-06Dogs Stole Things
25%
5PhishThe Story of the Ghost1998-07-021998-11-07Fikus
25%
29PhishThe Story of the Ghost1998-04-022015-08-08Frankie Says
25%
13PhishRound Room2003-01-042016-10-25Friday
25%
253Richard Wright (Nancy Taube)N/A1987-11-182017-08-02I Didn't Know
25%
81ZZ TopN/A1987-08-092012-07-08La Grange
25%
12Led ZeppelinN/A2011-06-012017-07-26No Quarter
25%
5PhishThe Story of the Ghost1998-04-052012-06-10Shafty
25%
6Trey AnastasioRound Room2003-01-022003-12-01Thunderhead
25%
211Bill MonroeN/A1990-03-282017-08-05Uncle Pen
25%
5PhshUndermind2004-06-262012-07-01Access Me
24%
59Phishnone1991-09-252017-12-30Brother
24%
23Phishnone1985-10-302012-06-20Dog Log
24%
22PhishA Picture of Nectar1990-09-151992-05-14Eliza
24%
39PhishFuego2010-06-192017-07-21Halfway to the Moon
24%
78Clifton ChenierN/A1997-02-132017-07-26My Soul
24%
30Phishnone1997-06-142017-08-06Saw It Again
24%
8PhishFuego2013-10-312016-07-20Sing Monica
24%
14PhishBilly Breathes1996-08-052009-11-01Talk
24%
10Phish/DisneyChilling Thrilling Sounds of the Haunted House2014-10-312017-07-28The Dogs
24%
40The DillardsN/A1994-06-262016-12-30The Old Home Place
24%
170PhishThe Man Who Stepped Into Yesterday1987-08-092017-08-05The Sloth
24%
6J. J. CaleN/A1999-12-312015-09-06After Midnight
22%
10PhishRound Room2003-01-032017-07-22All of These Dreams
22%
81PhishRift1991-09-251997-02-23All Things Reconsidered
22%
17Phishnone1998-07-212016-07-06Bittersweet Motel
22%
33PhishA Picture of Nectar1992-04-172014-07-27Catapult
22%
32Phishnone1995-05-162017-08-06Ha Ha Ha
22%
56Howard and EmersonN/A1995-09-272009-06-18Hello My Baby
22%
90PhishThe White Tape1985-04-062017-07-29Letter to Jimmy Page
22%
22Trey AnastasioFarmhouse1999-07-032017-07-18Mountains in the Mist
22%
7AmfibianUndermind2004-06-172017-01-15Nothing
22%
7Trey AnastasioBig Boat2016-10-142017-08-05Petrichor
22%
29PhishJoy2009-06-052017-07-29Twenty Years Later
22%
29PhishFuego2013-10-312017-08-02Waiting All Night
22%
50Neil DiamondN/A1992-03-072012-07-06Cracklin' Rosie
20%
16PhishUndermind2003-11-282017-08-01Crowd Control
20%
14Dizzy GillespieA Picture of Nectar1990-11-042016-07-19Manteca
20%
10Phishnone2015-07-222017-07-28Mercury
20%
32PrinceN/A1993-07-162012-07-04Purple Rain
20%
11Bob Marley and The WailersN/A1997-02-172017-08-05Soul Shakedown Party
20%
65Syd BarrettN/A1987-09-212004-08-11Terrapin
20%
15Trey AnastasioFarmhouse1999-09-092000-10-06The Inlaw Josie Wales
20%
19PhishFuego2013-10-312017-09-02Winterqueen
20%
10Phishnone2016-07-152017-12-30Ass Handed
18%
8Jimmy SmithN/A1998-10-302000-09-24Back at the Chicken Shack
18%
82words by Gus Kahn and music by Walter DonaldsonN/A1990-01-202016-12-30Carolina
18%
8The Dude of Life (with Phish)N/A1991-08-032016-10-28Crimes of the Mind
18%
20PhishFuego2013-10-312016-10-15Devotion To a Dream
18%
44Lynyrd SkynyrdN/A1987-04-292016-10-16The Ballad of Curtis Loew
18%
7The Rolling StonesN/A2009-10-312012-07-07Torn and Frayed
18%
27PhishOverstep (Mike Gordon)2013-07-052017-07-26Yarmouth Road
18%
11Phish/DisneyChilling Thrilling Sounds of the Haunted House2014-10-312017-12-28Your Pet Cat
18%
6Jane's AddictionN/A1998-08-012011-06-18Been Caught Stealing
16%
13PhishBig Boat2016-06-262017-09-01Breath and Burning
16%
32PhishFarmhouse1998-10-172016-07-16Driver
16%
5The Rolling StonesN/A1997-11-212012-08-31Emotional Rescue
16%
15The Mighty DiamondsN/A1986-04-012017-07-28Have Mercy
16%
5PhishJoy2009-08-162017-08-06I Been Around
16%
99Phishnone1984-10-232017-07-25Makisupa Policeman
16%
6PhishBig Boat2016-06-242017-07-23Miss You
16%
44The FlatlandersN/A1992-03-072013-10-25My Mind's Got a Mind of its Own
16%
9Trey AnastasioUndermind2003-07-082016-12-29Secret Smile
16%
48The Allman Brothers BandN/A1984-11-031999-07-25Whipping Post
16%
51The Del McCoury BandN/A1997-02-162016-10-28Beauty of My Dreams
15%
23traditionalN/A1993-07-152017-08-01Daniel Saw the Stone
15%
44Phishnone1990-09-142017-12-29Destiny Unbound
15%
12PhishA Picture of Nectar1992-11-221995-12-02Faht
15%
23Chuck BerryN/A1995-06-171998-07-08Johnny B. Goode
15%
9Bob Marley and The WailersN/A2000-09-082011-08-09Mellow Mood
15%
8PhishThe White Tape1994-06-252015-09-06NO2
15%
26Trey Anastasio (and the Dude of Life)N/A2010-06-112016-10-25Show of Life
15%
16Neil YoungN/A1998-07-262011-06-11Albuquerque
13%
12PhishRound Room2003-01-042011-08-15Anything But Me
13%
7Phish(evolved into a song on) The Story of the Ghost1997-11-131997-12-30Black-Eyed Katy
13%
7The Velvet UndergroundN/A1998-10-312012-08-05Cool It Down
13%
27Taj MahalN/A1987-02-212016-12-28Corinna
13%
23David BowieN/A1995-10-132012-06-29Life on Mars?
13%
93Syd BarrettN/A1987-10-312016-07-16Love You
13%
7Judy GarlandN/A1992-08-171998-08-09Somewhere Over the Rainbow
13%
6David BowieN/A2016-06-242017-07-28Space Oddity
13%
8Phishnone1995-05-162003-07-30Spock's Brain
13%
73Phishnone1984-11-032014-07-27Jam
11%
91traditional (as arranged by Flatt and Scruggs)N/A1990-09-132016-07-22Paul and Silas
11%
5Trey AnastasioN/A2014-10-172017-08-05Plasma
11%
17Blues ImageN/A1987-03-232013-10-26Ride Captain Ride
11%
5Phishnone2015-07-212016-07-16Shade
11%
6Taj MahalN/A1986-12-062010-12-28She Caught the Katy and Left Me a Mule to Ride
11%
12Pink FloydN/A1993-03-141998-11-02The Great Gig in the Sky
11%
7Phishnone1997-02-132014-10-27Walfredo
11%
102Phishnone1992-11-191994-12-09Big Ball Jam
9%
19Phishnone1992-11-212017-09-03Buffalo Bill
9%
9Robert JohnsonN/A1993-05-081998-11-28Crossroads
9%
5The BeatlesN/A1994-10-312016-07-20Cry Baby Cry
9%
13Little FeatN/A1986-10-152015-08-11Skin It Back
9%
174Artie ShawN/A1990-03-282016-12-29Sweet Adeline
9%
5The Rolling StonesN/A1999-09-262012-06-24Sweet Virginia
9%
6PhishBig Boat2016-06-292016-12-31Tide Turns
9%
8Little FeatN/A1988-10-292011-07-03Time Loves a Hero
9%
7PhishUndermind2003-07-122009-11-27Two Versions of Me
9%
12Naomi ShemerHoist (unlisted track)1993-07-161994-12-31Yerushalayim Shel Zahav
9%
108traditionalN/A1993-02-031998-10-03Amazing Grace
7%
46ForeignerN/A1992-03-071992-05-18Cold as Ice
7%
11traditional/Grateful Deadnone1984-11-032009-08-02Drums
7%
21Phishnone1987-08-091991-07-27Flat Fee
7%
7Mike GordonN/A2015-07-222017-07-23How Many People Are You
7%
5PhishBig Boat2016-10-152017-12-29I Always Wanted It This Way
7%
19TrafficN/A1986-12-062012-07-06Light Up Or Leave Me Alone
7%
9Elvis PresleyN/A1997-02-131998-11-18Love Me
7%
6Phish(evolved into a song on) The Story of the Ghost1997-06-031997-11-17Olivia's Pool
7%
14The WhoN/A1987-03-232016-12-30Sparks
7%
7PhishBig Boat2016-06-282017-07-28Things People Do
7%
9The DoorsN/A1991-07-111994-12-03Touch Me
7%
12Phishnone2009-03-072014-07-25Beauty of a Broken Heart
5%
43Duke EllingtonN/A1990-01-201996-12-29Caravan
5%
41Ray Bolger (as “The Scarecrow”); music by Harold Arlen; lyrics by E. “Yip” HarburgN/A1989-03-121995-11-16If I Only Had a Brain
5%
14Phishnone1995-09-272015-09-06Keyboard Army
5%
10Trey AnastasioParty Time2009-06-062016-10-15Let Me Lie
5%
8The Velvet UndergroundN/A1995-05-162016-12-28Lonesome Cowboy Bill
5%
8Phish(absorbed into a song on) Junta1986-10-151987-09-02Lushington
5%
5Trey AnastasioN/A1999-09-091999-09-26Mozambique
5%
6Phishnone1988-07-231990-04-21No Dogs Allowed
5%
6The Velvet UndergroundN/A1998-10-312013-08-30Oh! Sweet Nuthin'
5%
14Phish(evolved into a song on) Billy Breathes1995-10-241995-12-29Taste That Surrounds
5%
8Phish(absorbed into a song on) Billy Breathes1995-09-271995-10-17The Fog That Surrounds
5%
7PhishBig Boat2016-06-292017-12-28Waking Up Dead
5%
27Phishnone1995-06-071995-12-08Acoustic Army
4%
11Phishnone1985-03-041989-10-14Anarchy
4%
6Hughie CannonN/A1993-07-282010-10-15Bill Bailey, Won't You Please Come Home
4%
20Phish (and Dave Abrahams)none1985-04-061995-06-28Dave's Energy Guide
4%
17BostonN/A1994-10-071999-07-12Foreplay/Long Time
4%
20traditional (Hill/Hill/Coleman)N/A1983-12-022016-06-25Happy Birthday to You
4%
5Lynyrd SkynyrdN/A1986-12-061988-08-03I Know a Little
4%
7WarN/A1985-09-272003-07-15Low Rider
4%
22Allen ToussaintN/A1988-06-242011-08-06On Your Way Down
4%
18Duke EllingtonN/A1988-06-201993-05-08Satin Doll
4%
16Lightnin’ HopkinsN/A1986-10-152012-06-22Shaggy Dog
4%
13Elvis PresleyN/A1995-09-301996-12-06Suspicious Minds
4%
24Phish(absorbed into a song on) A Picture of Nectar1990-09-131991-04-27The Asse Festival
4%
7Phish(absorbed into a song on) Junta1987-10-141990-06-07The Chase
4%
15Phish(absorbed into a song on) Junta1987-04-241990-03-10Who Do? We Do!
4%
8Max CreekN/A1986-05-171987-10-31Back Porch Boogie Blues
2%
7Frank Zappa/The Mothers of InventionN/A1985-04-061988-08-04Big Leg Emma
2%
10Phish(absorbed into a song on) Junta1987-05-111989-11-03Bundle of Joy
2%
11Phish(absorbed into a song on) Junta1986-10-151989-11-10Clod
2%
6Led ZeppelinN/A1990-01-251990-10-20Communication Breakdown
2%
13Phishnone1985-11-141989-01-18Dear Mrs. Reagan
2%
10Phishnone1994-04-081997-08-17Digital Delay Loop Jam
2%
25Charlie Parker (music by Miles Davis)N/A1988-10-291993-07-25Donna Lee
2%
5Hamilton and LewisN/A1990-04-212009-08-13How High the Moon
2%
30Bill MonroeN/A1994-11-162000-06-22I'm Blue, I'm Lonesome
2%
8Phishnone1989-10-201989-12-16In a Hole
2%
10Johnny CashN/A1992-11-191993-03-09I Walk the Line
2%
9Louis PrimaN/A1994-04-041994-06-10I Wan'na Be Like You
2%
6The CarsN/A1991-02-041991-03-22Let's Go
2%
42Van Alstyne and KahnN/A1990-11-171994-07-06Memories
2%
9Mack RiceN/A1986-10-152009-06-14Mustang Sally
2%
15traditional/Bill MonroeN/A1994-11-161995-11-29My Long Journey Home
2%
5Phishnone1985-09-271986-12-06Prep School Hippie
2%
5Phishnone1997-02-131997-08-10Rock A William
2%
6Trey AnastasioN/A2009-11-012016-07-16Sleep Again
2%
13traditionalN/A1986-10-151994-11-16Swing Low, Sweet Chariot
2%
22Phishnone1992-11-231996-11-19The Vibration of Life
2%
6The Guess WhoN/A1989-03-301989-12-07Undun
2%
8Phishnone1992-03-301993-05-29Vacuum Solo
2%
6Lou ReedN/A1984-11-031988-09-08Wild Child
2%
5The Meditation SingersN/A1995-05-161995-09-28Don't You Want to Go?
0%
5Wilson PickettN/A1983-12-021985-09-27In the Midnight Hour
0%
12Phishnone1989-09-091991-11-15Rhombus Narration
0%
10Phishnone1992-03-061993-03-16Secret Language Instructions
0%

Score Distribution

Percentile by Number Answered

Percent of People with Each Score

Your Score History

You have not taken this quiz since the last reset